Quizzes
Events
Quiz Creation
Community
Videos
Private Events
Remove Ads
Sign In
Join for FREE
Feedback
Dark Mode
Quiz Categories
Sports
Geography
Music
Movies
Television
Just For Fun
Miscellaneous
History
Literature
Language
Science
Gaming
Entertainment
Religion
Holiday
For Kids
Quiz Lab
Recent
Popular Today
Quiz Kudos Today
Editor Picks
Curator Picks
Quizzes by...
Day
Popularity
Type
Ratings
Length
Year
Community
Subscriptions
Recent Discussions
Orange Saloon
Badges
Playlists
Quests
Create
Leaderboards
Showdown
Live 5
Trivia Bingo
Activity
Puzzle Library
Sporcle Events
Private Events
Virtual Trivia
Globe League
Become a Host
Pub Owners
SporcleCon
Opinionation
Our Games
Videos
Blog
Mobile Apps
Partnerships
Remove Ads and Go Orange
Feedback
Music
Pop Music
The Beatles
Song
Album
Lyrics
Bands
Singers
Artist
Clip
Rock
Rap
Classical
Billboard
Country Music
Kpop
Taylor Swift
Music
Pop Music
The Beatles
Song
Album
Lyrics
Bands
Singers
Artist
Clip
Rock
Rap
Classical
Billboard
Country Music
Kpop
Taylor Swift
Random Quiz
Search Sporcle
×
Quiz Lab
Quiz Lab
Music
Lyrics
Type in answers that appear in a list
Type in answers that appear in a list
Classic
Best Score? Go Orange.
No surrender lyrics Stats
Can you name the lyrics to 'No Surrender' by Bruce Springsteen?
By
Dunja
6m
263 Questions
439 Plays
439 Plays
439 Plays
Comments
Comments
Give Quiz Kudos
Give Quiz Kudos
-
- Ratings
hide this ad
Replay
Link that replays current quiz
Next Quiz
Link to next quiz in quiz playlist
You Got
0%
They Got
Avg Score
76%
Avg Friend Score
Upgrade to see
Score Distribution
Jump to the score distribution portion of the page
Score
0/263
Timer
06:00
0
Plays Today
Answer
% Correct
the
99.5%
a
99.3%
a
99.3%
a
99.3%
a
99.3%
a
99.3%
a
99.3%
a
99.3%
a
99.3%
a
99.3%
We
98.9%
We
98.9%
we
98.9%
We
98.9%
we
98.9%
We
98.9%
we
98.9%
we
98.9%
we
98.9%
we
98.9%
to
97.5%
to
97.5%
to
97.5%
to
97.5%
to
97.5%
to
97.5%
to
97.5%
to
97.5%
to
97.5%
I
97.3%
I
97.3%
baby
97.3%
baby
97.3%
baby
97.3%
baby
97.3%
I
97.3%
baby
97.3%
baby
97.3%
baby
97.3%
No
96.8%
no
96.8%
No
96.8%
no
96.8%
No
96.8%
no
96.8%
No
96.8%
no
96.8%
No
96.8%
no
96.8%
No
96.8%
no
96.8%
No
96.8%
no
96.8%
surrender
96.6%
surrender
96.6%
surrender
96.6%
surrender
96.6%
surrender
96.6%
surrender
96.6%
surrender
96.6%
in
95.4%
the
95.4%
in
95.4%
the
95.4%
the
95.4%
in
95.4%
the
95.4%
the
95.4%
the
95.4%
The
95.4%
in
95.4%
in
95.4%
in
95.4%
in
95.4%
in
95.4%
the
95.4%
from
94.3%
from
94.3%
of
94.1%
of
94.1%
of
94.1%
of
94.1%
retreat
93.8%
retreat
93.8%
retreat
93.8%
retreat
93.8%
retreat
93.8%
retreat
93.8%
Answer
% Correct
retreat
93.8%
school
93.2%
out
92.9%
more
92.9%
ever
92.9%
learned
92.5%
learned
92.5%
record
91.3%
three
90.9%
than
90.4%
promise
90%
promise
90%
promise
90%
get
89.7%
class
89.3%
away
89.3%
made
89.1%
made
89.1%
made
89.1%
minute
88.4%
You
88.4%
you
88.4%
always
88.4%
always
88.4%
You
88.4%
always
88.4%
busted
87.9%
remember
87.9%
remember
87.9%
remember
87.9%
Had
87.7%
those
87.7%
and
87.7%
and
87.7%
and
87.7%
and
87.7%
And
87.7%
and
87.7%
And
87.7%
fools
86.1%
we'd
85.2%
we'd
85.2%
we'd
85.2%
hear
85%
hear
85%
your
84.7%
your
84.7%
night
84.7%
your
84.7%
night
84.7%
night
84.7%
swore
84.5%
swore
84.5%
swore
84.5%
with
80.4%
With
80.4%
with
80.4%
With
80.4%
with
80.4%
my
79.3%
my
79.3%
my
79.3%
my
79.3%
my
79.3%
win
77%
brothers
76.5%
brothers
76.5%
brothers
76.5%
Well
76.1%
dreams
75.6%
blood
75.6%
Blood
75.6%
dreams
75.6%
Blood
75.6%
vow
75.2%
vow
75.2%
vow
75.2%
heart
73.1%
defend
72.9%
defend
72.9%
defend
72.9%
want
70.4%
want
70.4%
eyes
68.1%
eyes
68.1%
pound
67.9%
follow
67.9%
these
67.4%
Answer
% Correct
these
67.4%
these
67.4%
begin
67.2%
grow
67.2%
grow
67.2%
grow
67.2%
grow
67.2%
again
66.7%
young
66.5%
young
66.5%
just
66.3%
drummer
65.8%
calling
65.6%
us
65.4%
close
65.1%
down
65.1%
sound
64.9%
can
64.7%
say
64.7%
voice
64.7%
say
64.7%
open
64.2%
open
64.2%
our
64%
feel
63.8%
sister's
63.8%
you're
63.6%
Now
63.6%
Now
63.6%
home
63.1%
winter's
62.4%
soldiers
62.2%
tired
61.7%
across
61.5%
drums
61.3%
Like
61%
guitars
60.8%
I'm
58.8%
ready
58.3%
old
57.4%
wind
56.5%
against
55.1%
cold
54.9%
Tonight
54.4%
tonight
54.4%
own
50.1%
hearts
49%
on
48.5%
yards
47.4%
fire
47.2%
stormy
46.9%
stormy
46.9%
faces
46.5%
sad
45.1%
head
42.4%
it
41.5%
are
40.8%
could
40.5%
romantic
39.6%
cut
39.2%
lover's
39.2%
Cause
39%
someplace
36.9%
neighbourhood
35.8%
wide
35.8%
bed
35.5%
Cause
35.5%
walls
34.6%
closing
34.4%
country
34.4%
sleep
34.2%
room
33.9%
There's
32.8%
beneath
31.7%
war
31.4%
maybe
30.3%
ain't
30.3%
street
29.8%
still
29.6%
ours
29.4%
skies
29.4%
outside
29.2%
raging
28.9%
anymore
27.3%
lights
24.8%
peaceful
24.6%
dim
24.4%
Quiz Playlist
Details
Report
Send in Message
Add To Playlist
Classic:
Type in answers that appear in a list
Quiz Source
Last Updated: Dec 30, 2021
Quiz Scoreboard
CHALLENGE
Sign Up to Join the Scoreboard
Show All
Scores
Hide
Comments
May contain spoilers
Recently Published
9x9 Crossword: Cartoon Network
by jackfrog10
Miscellaneous
3m
College Basketball Coaching Resumes
by pancakes188
Sports
9m
Billboard Blitz: Fleetwood Mac
by CooCooCachoo
Music
15s
More to Explore
Quiz From the Vault
Featured Blog Post
Where Did the Easter Bunny Come From?
hide this ad
You Might Also Like...
Tags
Lyrics Quiz
Bruce Springsteen
Rock Lyrics
Today's Top Quizzes in Music
Browse Music
hide this ad
Today's Top Quizzes in Lyrics
Browse Lyrics
Top Contributed Quizzes in Music
1
Taylor Swift All Songs (2024)
2
Guess the Artist- 70s Songs
3
7-to-1: Billboard Hot 100 #1 Hits of 2010s
4
Taylor Swift Logic Puzzle
5
Sorting Albums and Songs
6
KPOP LOGIC QUIZ
7
Guess the Taylor Swift song (Mystery Song)
8
Guess The Taylor Swift Lyrics Song #1
9
Billboard Blitz: ABBA
10
Billboard Blitz: The Beatles
Explore More
Trending Topics
Harry Potter
Marvel
Anime
Disney
Crossword
NBA
Kpop
Country
Soccer
Song
Pokémon
NFL
Puzzle
The Office
WWE
hide this ad
More By:
Dunja
Quiz
Plays
Rating
Category
Featured
Created
Counties of England (Redux)
144,601
4.06
Geography
Jan 10, 2017
South America by Area
34,864
4.38
Geography
Oct 11, 2017
Click the Eight-thousanders
8,587
4.43
Geography
Sep 11, 2017
Capitals of Island Nations (clickable)
3,558
4.93
Geography
Jan 9, 2017
North America by Area
3,056
3.67
Geography
Oct 11, 2017
Go to Creator's Profile
Score Distribution
Quiz Creator Spotlight
Dunja
Follow
Send a Message
Quizzes Created
-
Created Quiz Play Count
-
More By This Creator
Popular Quizzes Today
1
Find the US States - No Outlines Minefield
2
Find the Countries of Europe - No Outlines Minefield
3
The Countries of the World
4
Find the US States
5
Risky Map Clicking: Biggest States A-Z
6
US States
7
Popular People in 1961
8
Movies - When Are They Set?
More Music Quizzes
Most Streamed Kpop Songs On Spotify 2018
Curator's Pick
Trending Quizzes
Risky Map Clicking: Least Populous States A-Z
1-10 Letter G Words
Risky Map Clicking: Next State Alphabetically
Adjectives in 80s TV Shows
Risky Map Clicking: Biggest States A-Z
Recently Updated
Leaping Animals
pecheneg
Reality TV Shows (A-Z)
bhenderson79
Rickey Henderson's Hall of Fame Teammates
pecheneg
Champions League XIs: Arsenal
pecheneg
Quick Pick: Celebrities in WWE's Hall of Fame
aduchscher
A-Z Keypad Blitz II
pecheneg
Multiple Oscar Actors
pecheneg
Mystery Phrase Blitz: Oscar 'Best Actors'
pecheneg
F. Scott Fitzgerald Novels
LTH
Pick 3 Villains
ddd62291
Trending Topics
Disney
Harry Potter
Kpop
Anime
NBA
Marvel
Crossword
NFL
Puzzle
The Office
Pokémon
Soccer
Song
Country
WWE
Your Account Isn't Verified!
In order to create a playlist on Sporcle, you need to verify the email address you used during registration. Go to your
Sporcle Settings
to finish the process.
Report this User
Report this user for behavior that violates our
Community Guidelines
.
Details:
Send Report
Go to the Sporcle.com Mobile Site →
Comments